00313 a2200109 4500003000500000005001700005035002600022040000900048245006300057260004200120651004100162Nust20170207154043.0 a(SFX)1000000000359536 cNust10aTextual Relations in Qur'an (E-BOOK)h[Elektronisk resurs] aHoboken :bTaylor & Francis Ltdc2006 aTextual Relations in Qur'an (E-BOOK)